Politics of welfare : (Record no. 104078)

MARC details
000 -LEADER
fixed length control field 00756nam a22002297a 4500
005 - DATE AND TIME OF LATEST TRANSACTION
control field 20161206105130.0
010 ## - LCCN (DPL NO)
LC control number ENG-116247
020 ## - INTERNATIONAL STANDARD BOOK NUMBER
International Standard Book Number 9780199460120
Terms of availability 850.00
020 ## - INTERNATIONAL STANDARD BOOK NUMBER
International Standard Book Number 0199460124
Terms of availability 850.00
035 ## - SYSTEM CONTROL NUMBER
System control number EN-99779
037 ## - SOURCE OF ACQUISITION
Source of stock number/acquisition DBAD/PUB
082 ## - DEWEY DECIMAL CLASSIFICATION NUMBER
Classification number 361.61
245 ## - TITLE STATEMENT
Title Politics of welfare :
Remainder of title comparisons across indian states /
Statement of responsibility, etc edited by Louise Tillin, Rajeshwari Deshpande [and] K.K. Kailash
260 ## - PUBLICATION, DISTRIBUTION, ETC. (IMPRINT)
Place of publication, distribution, etc New Delhi
Name of publisher, distributor, etc Oxford University Press
Date of publication, distribution, etc 2015
270 ## - ADDRESS
Address YMCA Library Building, 1Jai Singh Road
City New Delhi
Postal code 110001
300 ## - PHYSICAL DESCRIPTION
Extent xiii,237p.
Other physical details 22cm.(Hb).
500 ## - GENERAL NOTE
General note Includes index.
700 ## - ADDED ENTRY--PERSONAL NAME
Personal name Tillin, Louise
700 ## - ADDED ENTRY--PERSONAL NAME
Personal name Deshpande, Rajeshwari
700 ## - ADDED ENTRY--PERSONAL NAME
Personal name Kaiash, K.K
942 ## - ADDED ENTRY ELEMENTS (KOHA)
Source of classification or shelving scheme Dewey Decimal Classification
Item type English Books
Classification part 361.61
Call number suffix POL
Holdings
Withdrawn status Lost status Not for loan Collection code Home library Current library Date acquired Source of acquisition Cost, normal purchase price Full call number Barcode Copy number Cost, replacement price Koha item type
      Non-fiction Shahdara Branch Shahdara Branch 20/10/2016 DBAD/PUB 850.00 361.61 Pol EN-99779 1 850.00 English Books

© Delhi Public Library
Hit Counter
free hit counter